ENGELSİZ MASALLAR/N1 (Record no. 931372)

MARC details
000 -LEADER
sabit uzunluktaki kontrol alanı 00251nam a2200097Ia 4500
001 - KONTROL NUMARASI
kontrol alanı 931372
005 - EN SON İŞLEMİN TARİH VE ZAMANI
kontrol alanı 20250826214907.0
008 - SABİT-UZUNLUKTA VERİ ÖĞELERİ--GENEL BİLGİ
sabit uzunluktaki kontrol alanı 250824s9999 xx 000 0 und d
245 #0 - ESER / YAZAR
ESER ADI ENGELSİZ MASALLAR/N1
Yazar Adı AYŞEGÜL SÖZEN DAĞ
260 ## - YAYIN, DAĞITIM, VB.
YAYIN EVİ CEZVE YAYINLARI
Holdings
Düşüm durumu Kayıp durumu Hasar Durumu Ödünç verilmez Ana kütüphane Geçerli Kütüphane Edinilen tarih Toplam ödünç verme sayısı Barkod Son görüntüleme tarihi Son ödünç verme tarihi Fiyatın geçerli olmaya başladığı tarih Koha materyal türü
        ERTUĞRUL GAZİ ORTAOKULU ERTUĞRUL GAZİ ORTAOKULU 24.08.2025 1 10553194 15.12.2025 01.12.2025 26.08.2025 Books